000 00699nam a22002417a 4500
005 20130523125006.0
010 _aENG-107255
020 _a9781259064807
_c599.00
020 _a1259064808
_c599.00
035 _aEN-90788
037 _bDBAD/PUB
082 _a624.171
100 _aCheng, Fa-Hwa
245 _aStatics and strength of materials /
_cby Fa-Hwa Cheng
250 _a2nd ed
260 _aNew Delhi
_bTata McGraw Hill
_c2013
270 _aP-24, Green Park Park, Extention
_bNew Delhi
_e110095
300 _axii, 804p.:
_bill.
_c25cm(pbk)
500 _aIncludes index
650 _a Statics.
650 _aStrength of materials.
942 _2ddc
_cEN
_h624.171
_mCHE
999 _c75907
_d75907